| 000 | 00814nam a2200217 u 4500 | ||
|---|---|---|---|
| 005 | 20240418063736.0 | ||
| 008 | 160912s2010 mx 000 0 spa d | ||
| 020 | _a9786077700845 (Juan Pablos) | ||
| 020 | _a9786079023041 (Cinvestav) | ||
| 035 | _aUPN01000213175 | ||
| 049 | _aCG | ||
| 050 | 4 |
_aF1434.2 E3.8 _bD5.6 |
|
| 100 | 1 |
_aDidou Aupetit, Sylvie _930804 |
|
| 245 | 1 | 0 |
_aProgramas de atención a estudiantes indígenas en educación superior en América Central : _blos sellos institucionales / _cSylvie Didou Aupetit, Eduardo Remedi Allione. |
| 260 |
_aMéxico : _bCINVESTAV : _bJuan Pablos, _c2010. |
||
| 300 |
_a243 p. : _bcuadros |
||
| 650 | 4 |
_aIndígenas de América Central _xEducación superior _925377 |
|
| 700 | 1 |
_aRemedi, Eduardo, _d1949-2016 _ecoaut. _943153 |
|
| 905 | _aLibro | ||
| 999 |
_c185275 _d185275 |
||